Top Goal Scorers by Country - Statistics

General Stats
  • This quiz has been taken 301 times
    57 since last reset
  • The average score is 26 of 40
Answer Stats
Country Player % Correct
Argentina Lionel Messi
100%
Brazil Neymar
94%
Belgium Romelu Lukaku
94%
Portugal Cristiano Ronaldo
92%
Ivory Coast Didier Drogba
90%
Wales Gareth Bale
88%
Uruguay Luis Suárez
86%
Bosnia and Herzegovina Edin Džeko
84%
England Harry Kane
84%
France Olivier Giroud
84%
Poland Robert Lewandowski
84%
Sweden Zlatan Ibrahimović
84%
Chile Alexis Sánchez
82%
Germany Miroslav Klose
82%
Cameroon Samuel Eto'o
82%
Ukraine Andriy Shevchenko
80%
Spain David Villa
80%
Hungary Ferenc Puskás
80%
Netherlands Robin van Persie / Memphis Depay
78%
Senegal Sadio Mané
78%
United States Clint Dempsey / Landon Donovan
76%
Australia Tim Cahill
71%
Republic of Ireland Robbie Keane
69%
Colombia Radamel Falcao
67%
Croatia Davor Šuker
63%
Romania Adrian Mutu / Gheorghe Hagi
61%
Scotland Denis Law / Kenny Dalglish
57%
Mexico Javier Hernández
57%
Bulgaria Dimitar Berbatov / Hristo Bonev
55%
Ecuador Enner Valencia
55%
North Macedonia Goran Pandev
47%
Serbia Aleksandar Mitrović
37%
Montenegro Stevan Jovetić
37%
Czech Republic Jan Koller
29%
Turkey Hakan Şükür
27%
Italy Gigi Riva
22%
Denmark Poul Nielsen / Jon Dahl Tomasson
18%
Austria Toni Polster
18%
Switzerland Alexander Frei
14%
Nigeria Rashidi Yekini
8%
No matching quizzes found
Score Distribution
Percent of People with Each Score
Percentile by Number Answered
Your Score History
You have not taken this quiz since the last reset